| 000 | 00776aam a2200277 i 4500 | ||
|---|---|---|---|
| 001 | 768714001 | ||
| 003 | CO-MdFUSB | ||
| 005 | 20250901152532.0 | ||
| 007 | ta | ||
| 008 | 250901t1965 -us |||| |||| 00| 0 spa d | ||
| 040 | _cCO-MdFUSB | ||
| 041 | 0 | _aspa | |
| 082 | 0 | 4 |
_223 _a249.8 _bC4441q |
| 100 | 1 |
_aChambers, Oswald (1874-1917) _eautor |
|
| 245 | 1 | 0 |
_aEn pos de lo supremo : _bselecciones devocionales para cada día _c/ Oswald Chabers |
| 264 | 1 |
_bCruzada de Literatura Cristiana, _aEstados Unidos : _c[1965] |
|
| 264 | 4 | _c©1965 | |
| 300 | _a378 páginas | ||
| 336 |
_atexto _btxt _2rdacontent |
||
| 337 |
_2rdamedia _asin mediación _bn |
||
| 338 |
_2rdacarrier _avolumen _bnc |
||
| 563 | _aRústico | ||
| 653 | _aDevocionales | ||
| 942 | _cBK | ||
| 945 | _aJTF-925 | ||
| 999 |
_c36331 _d36331 |
||